Countries That Produce The Most Pencils And Crayons - Statistics

General Stats
  • This quiz has been taken 98 times
  • The average score is 12 of 18
Answer Stats
% Of Crayons And Pencils Answer % Correct
2.23% United States
98%
44.2% China
97%
1.48% United Kingdom
91%
1.93% India
86%
3.2% France
83%
10.4% Germany
83%
3.08% Mexico
80%
1.75% Japan
79%
4.49% Brazil
77%
4.33% Indonesia
70%
1.51% South Korea
68%
1.68% Thailand
61%
3.63% Vietnam
60%
0.73% Poland
49%
1.29% Netherlands
48%
1.15% Philippines
48%
1.01% Taiwan
44%
3.16% Czech Republic
17%
No matching quizzes found
Score Distribution
Percent of People with Each Score
Percentile by Number Answered
Your Score History
You have not taken this quiz